00356nam a2200133Ia 4500003000400000008004100004020002300045040000800068100001700076245005800093260004400151300001500195365001200210LDD181029s9999 xx 000 0 und d a199272530c1495.00 cLDD aLauder, Hugh 0aEducation globalization and social changcHugh Lauder aNew YorkbOxford University Pressc2006 axxvii, 102 b1495.00